[Event "2. Bundesliga Ost 2010/2011"]
[Site "2+3.10.Zwettl,30.10-1.11.Wien,27+28.11.Wien,29+30.
[Date "2010.11.27"]
[Round "6"]
[Board "5"]
[White "Hofmann, Thomas"]
[Black "Zojer, Stefan"]
[Result "1/2-1/2"]
[WhiteElo "2049"]
[BlackElo "2043"]
[PlyCount "74"]
[EventDate "2010.10.02"]
[EventType "team"]
[EventRounds "11"]
[EventCountry "AUT"]
[WhiteTeam "Niederabsdorf"]
[BlackTeam "Husek Wien"]

1.e4 c5 2.Nf3 d6 3.d4 cxd4 4.Qxd4 Nc6 5.Bb5 Bd7 6.Bxc6 Bxc6 7.Nc3 Nf6 8.Bg5 e6
9.O-O-O Be7 10.Qd3 Qa5 11.h4 O-O 12.Nd4 Rfc8 13.f4 Rab8 14.f5 e5 15.Bxf6 gxf6
16.Nb3 Qb4 17.h5 h6 18.Rh4 Kh7 19.Rd2 Rg8 20.Nd1 d5 21.Qe2 dxe4 22.Ne3 Rbd8
23.Ng4 Rxd2 24.Nxd2 Qd4 25.c3 Qd3 26.Qe3 Qxe3 27.Nxe3 Bc5 28.Ndf1 Rd8 29.Ng4 Kg7
30.Rh3 Bb5 31.Nd2 e3 32.Nxe3 Bxe3 33.Rxe3 Rd3 34.Nf1 Rd6 35.Nd2 Rd3 36.Nf1 Rd6
37.Nd2 Rd3 1/2-1/2

[Event "2. Bundesliga Ost 2010/2011"]
[Site "2+3.10.Zwettl,30.10-1.11.Wien,27+28.11.Wien,29+30.
[Date "2010.11.27"]
[Round "6"]
[Board "6"]
[White "Haas, Bernhard"]
[Black "Hansen, Kay"]
[Result "0-1"]
[WhiteElo "1989"]
[BlackElo "2247"]
[PlyCount "66"]
[EventDate "2010.10.02"]
[EventType "team"]
[EventRounds "11"]
[EventCountry "AUT"]
[WhiteTeam "Husek Wien"]
[BlackTeam "Niederabsdorf"]

1.e4 c6 2.d4 d5 3.e5 Bf5 4.Nf3 e6 5.c3 Nd7 6.Be2 f6 7.exf6 gxf6 8.Nh4 Bg6 9.Bh5
Ne7 10.Qg4 Kf7 11.O-O Bg7 12.Re1 Nf8 13.Nd2 Qe8 14.Bxg6+ hxg6 15.f4 Nf5 16.Nxf5
gxf5 17.Qg3 Kg8 18.Nf3 Qh5 19.b3 Kf7 20.c4 Rd8 21.Bd2 Ng6 22.Re2 Qg4 23.Rae1
Rhe8 24.Qxg4 fxg4 25.f5 Nf8 26.Nh4 dxc4 27.bxc4 Rxd4 28.Be3 Rxc4 29.Bxa7 e5
30.Re4 Rxe4 31.Rxe4 Ra8 32.Ra4 Nd7 33.g3 Bf8 0-1

[Event "2. Bundesliga Ost 2010/2011"]
[Site "2+3.10.Zwettl,30.10-1.11.Wien,27+28.11.Wien,29+30.
[Date "2010.11.27"]
[Round "6"]
[Board "1"]
[White "Fauland, Alexander"]
[Black "Rotstein, Arkadij"]
[Result "0-1"]
[WhiteElo "2436"]
[BlackElo "2542"]
[PlyCount "66"]
[EventDate "2010.10.02"]
[EventType "team"]
[EventRounds "11"]
[EventCountry "AUT"]
[WhiteTeam "Raiffeisen Waehring"]
[BlackTeam "SV Tschaturanga Neubau"]

1.d4 Nf6 2.c4 e6 3.Nf3 d5 4.g3 dxc4 5.Bg2 Nc6 6.Qa4 Nd7 7.Qxc4 Nb6 8.Qb5 a6
9.Qd3 e5 10.O-O exd4 11.a3 Be7 12.Rd1 Bf6 13.Nbd2 O-O 14.Ne4 Bf5 15.Nxf6+ Qxf6
16.Qb3 h6 17.Bf4 Be6 18.Qd3 Nd5 19.Bd2 Rad8 20.Rac1 Rfe8 21.Be1 Bf5 22.Qb3 Nb6
23.Rd2 Be4 24.Qd1 a5 25.Nh4 a4 26.Bxe4 Rxe4 27.Nf3 Rde8 28.Rdc2 Qe6 29.Rxc6 bxc6
30.Nxd4 Qd5 31.e3 Nc4 32.Qxa4 Ne5 33.Kf1 Nd3 0-1

[Event "2. Bundesliga Ost 2010/2011"]
[Site "2+3.10.Zwettl,30.10-1.11.Wien,27+28.11.Wien,29+30.
[Date "2010.11.27"]
[Round "6"]
[Board "2"]
[White "Weber, Gerold"]
[Black "Mahdy, Khaled"]
[Result "1/2-1/2"]
[WhiteElo "2399"]
[BlackElo "2401"]
[PlyCount "55"]
[EventDate "2010.10.02"]
[EventType "team"]
[EventRounds "11"]
[EventCountry "AUT"]
[WhiteTeam "SV Tschaturanga Neubau"]
[BlackTeam "Raiffeisen Waehring"]

1.d4 Nf6 2.Nf3 g6 3.c4 Bg7 4.g3 O-O 5.Bg2 c6 6.O-O d5 7.cxd5 cxd5 8.Nc3 Nc6
9.Ne5 e6 10.Nxc6 bxc6 11.Qc2 Nd7 12.Rd1 a5 13.Bf4 Ba6 14.Rac1 Nb6 15.e4 a4 16.b3
axb3 17.axb3 Qe7 18.Qd2 Rfc8 19.Be3 Qb7 20.Bh6 Nd7 21.Bxg7 Kxg7 22.Rb1 Qb4
23.Qb2 Kg8 24.h4 Rd8 25.Na2 Qb6 26.Nc3 Qb4 27.Na2 Qb6 28.Nc3 1/2-1/2

[Event "2. Bundesliga Ost 2010/2011"]
[Site "2+3.10.Zwettl,30.10-1.11.Wien,27+28.11.Wien,29+30.
[Date "2010.11.27"]
[Round "6"]
[Board "3"]
[White "Bawart, Markus"]
[Black "Kreindl, Helmut"]
[Result "1/2-1/2"]
[WhiteElo "2416"]
[BlackElo "2179"]
[PlyCount "65"]
[EventDate "2010.10.02"]
[EventType "team"]
[EventRounds "11"]
[EventCountry "AUT"]
[WhiteTeam "Raiffeisen Waehring"]
[BlackTeam "SV Tschaturanga Neubau"]

1.Nf3 d5 2.c4 e6 3.g3 Nf6 4.Bg2 Be7 5.O-O O-O 6.d3 b6 7.Nc3 Bb7 8.cxd5 exd5
9.Nd4 Qd7 10.e4 Rd8 11.e5 Ne8 12.e6 fxe6 13.Bh3 Kh8 14.Bxe6 Qd6 15.Bf4 Qb4
16.Be5 Bf6 17.Qh5 Bxe5 18.Qxe5 Nd7 19.Qf4 Ndf6 20.a3 Qd6 21.Qe3 c5 22.Nf5 Qf8
23.Qe5 Bc8 24.Rfe1 Bxe6 25.Qxe6 d4 26.Ne4 Nxe4 27.Qxe4 Nd6 28.Nxd6 Qxd6 29.Qb7
Rdb8 30.Qe4 Qd7 31.Qe7 Qb5 32.Qe2 Re8 33.Qc2 1/2-1/2

[Event "2. Bundesliga Ost 2010/2011"]
[Site "2+3.10.Zwettl,30.10-1.11.Wien,27+28.11.Wien,29+30.
[Date "2010.11.27"]
[Round "6"]
[Board "4"]
[White "Kleiser, Gregor"]
[Black "Wallner, Joachim"]
[Result "0-1"]
[WhiteElo "2258"]
[BlackElo "2294"]
[PlyCount "64"]
[EventDate "2010.10.02"]
[EventType "team"]
[EventRounds "11"]
[EventCountry "AUT"]
[WhiteTeam "SV Tschaturanga Neubau"]
[BlackTeam "Raiffeisen Waehring"]

1.d4 d5 2.c4 c6 3.cxd5 cxd5 4.Bf4 Nc6 5.Nc3 Nf6 6.e3 Bf5 7.Nf3 e6 8.Qb3 Bb4
9.Bb5 Qa5 10.O-O O-O 11.Rac1 Rfc8 12.Ne5 Nxe5 13.dxe5 Bxc3 14.Rxc3 Rxc3 15.bxc3
Ne4 16.Bd3 Nc5 17.Qb5 Qxb5 18.Bxb5 a6 19.Be2 b5 20.Rc1 Rc8 21.h4 Na4 22.e4 Bxe4
23.f3 Bg6 24.Bd2 Nb2 25.Kf2 Bd3 26.Bd1 h5 27.Bb3 a5 28.a3 a4 29.Bd1 Nc4 30.Bf4
Nxa3 31.Ke3 Bg6 32.Be2 b4 0-1

[Event "2. Bundesliga Ost 2010/2011"]
[Site "2+3.10.Zwettl,30.10-1.11.Wien,27+28.11.Wien,29+30.
[Date "2010.11.27"]
[Round "6"]
[Board "5"]
[White "Lovrinovic, Christian"]
[Black "Ponjican, Erich"]
[Result "1/2-1/2"]
[WhiteElo "2193"]
[BlackElo "2206"]
[PlyCount "60"]
[EventDate "2010.10.02"]
[EventType "team"]
[EventRounds "11"]
[EventCountry "AUT"]
[WhiteTeam "Raiffeisen Waehring"]
[BlackTeam "SV Tschaturanga Neubau"]

1.d4 d5 2.c4 c6 3.Nc3 Nf6 4.Nf3 dxc4 5.a4 Bf5 6.e3 e6 7.Bxc4 Nbd7 8.O-O Be7
9.Qe2 O-O 10.h3 h6 11.e4 Bh7 12.Rd1 Bb4 13.e5 Nd5 14.Nxd5 cxd5 15.Bd3 Rc8 16.Nh2
Bxd3 17.Rxd3 f5 18.exf6 Rxf6 19.Ng4 Rg6 20.Rg3 Qe8 21.Qd3 Nf8 22.Rf3 Bd6 23.Bd2
a6 24.Re1 Rc7 25.b3 Rf7 26.Ree3 Bf4 27.Re2 Bd6 28.Ree3 Bf4 29.Re2 Bd6 30.Ree3
Bf4 1/2-1/2

[Event "2. Bundesliga Ost 2010/2011"]
[Site "2+3.10.Zwettl,30.10-1.11.Wien,27+28.11.Wien,29+30.
[Date "2010.11.27"]
[Round "6"]
[Board "6"]
[White "Schwaninger, Wolfgang"]
[Black "Nolz, Tom"]
[Result "1-0"]
[WhiteElo "2146"]
[BlackElo "2165"]
[PlyCount "81"]
[EventDate "2010.10.02"]
[EventType "team"]
[EventRounds "11"]
[EventCountry "AUT"]
[WhiteTeam "SV Tschaturanga Neubau"]
[BlackTeam "Raiffeisen Waehring"]

1.d4 Nf6 2.c4 e6 3.Nf3 c5 4.g3 a6 5.Bg2 cxd4 6.Nxd4 Qc7 7.b3 Bb4+ 8.Bd2 Bc5 9.e3
O-O 10.O-O d6 11.Nc3 Nc6 12.Nxc6 bxc6 13.Na4 Ba7 14.Bb4 Ne8 15.Qd2 Bb7 16.Rfd1
c5 17.Ba5 Qe7 18.e4 f5 19.Re1 fxe4 20.Bxe4 Bxe4 21.Rxe4 Nf6 22.Re2 Ng4 23.f4 Nh6
24.Rae1 Rf6 25.Nc3 Rg6 26.Nd5 Qf7 27.Nc7 Rc8 28.Nxe6 Nf5 29.Ng5 Rxg5 30.fxg5 Nd4
31.Rf2 Nf3+ 32.Rxf3 Qxf3 33.Qxd6 Kh8 34.Rf1 Qe3+ 35.Kg2 Qe2+ 36.Rf2 Qe4+ 37.Kh3
Qe8 38.Qd5 Bb8 39.Bb6 Be5 40.Bxc5 Bc3 41.Rf8+ 1-0

[Event "2. Bundesliga Ost 2010/2011"]
[Site "2+3.10.Zwettl,30.10-1.11.Wien,27+28.11.Wien,29+30.
[Date "2010.11.27"]
[Round "6"]
[Board "1"]
[White "Polak, Thomas"]
[Black "Schweda, Roland"]
[Result "1-0"]
[WhiteElo "2535"]
[BlackElo "2457"]
[PlyCount "85"]
[EventDate "2010.10.02"]
[EventType "team"]
[EventRounds "11"]
[EventCountry "AUT"]
[WhiteTeam "SK Zwettl"]
[BlackTeam "ASVOE Wulkaprodersdorf"]

1.d4 Nf6 2.c4 d6 3.Nf3 Nbd7 4.Nc3 e5 5.e4 Be7 6.Be2 c6 7.O-O Qc7 8.Qc2 Nf8 9.Rd1
Ng6 10.Rb1 a5 11.dxe5 dxe5 12.Na4 Nf4 13.Bxf4 exf4 14.e5 Nd7 15.Qe4 f6 16.e6 Nc5
17.Nxc5 Bxc5 18.Bd3 g6 19.Nh4 O-O 20.Re1 f5 21.Qf3 Re8 22.Nxf5 gxf5 23.Bxf5 Rf8
24.Re4 Kh8 25.Qh5 b6 26.Rbe1 Qe7 27.Rxf4 Ra7 28.Rf3 Qe8 29.Qh6 Rg7 30.g4 Qe7
31.Qf4 Bd6 32.Qe3 Bc5 33.Qf4 Rd8 34.h3 Rd4 35.Qb8 Rg8 36.Qe5+ Rg7 37.Qb8 Rd8
38.Qf4 Bb4 39.Re2 Rd1+ 40.Kg2 Bd6 41.Qh6 Bc7 42.Bxh7 Rd6 43.Bg6+ 1-0

[Event "2. Bundesliga Ost 2010/2011"]
[Site "2+3.10.Zwettl,30.10-1.11.Wien,27+28.11.Wien,29+30.
[Date "2010.11.27"]
[Round "6"]
[Board "2"]
[White "Volkmann, Friedrich Karl"]
[Black "Blatny, Pavel"]
[Result "1/2-1/2"]
[WhiteElo "2409"]
[BlackElo "2402"]
[PlyCount "95"]
[EventDate "2010.10.02"]
[EventType "team"]
[EventRounds "11"]
[EventCountry "AUT"]
[WhiteTeam "ASVOE Wulkaprodersdorf"]
[BlackTeam "SK Zwettl"]

1.e4 b6 2.d4 Bb7 3.Bd3 e6 4.Nf3 d6 5.c4 Nd7 6.Nc3 g6 7.h4 h6 8.Be3 Bg7 9.a4 a5
10.Ng1 Ne7 11.Nge2 e5 12.d5 h5 13.Qd2 Ng8 14.O-O-O Nc5 15.Bc2 Bh6 16.f3 Bc8
17.Kb1 Bd7 18.Nb5 Kf8 19.Rdg1 Bxe3 20.Qxe3 Nf6 21.Nec3 Kg7 22.Bd1 Bxb5 23.Nxb5
Qd7 24.g3 Raf8 25.Nc3 Qe7 26.Rh2 Rh7 27.Bc2 Ne8 28.Rhg2 Kh8 29.Re1 Rg8 30.b3 g5
31.hxg5 Qxg5 32.Qxg5 Rxg5 33.Rh1 Nf6 34.Ne2 Kg8 35.Kc1 Ncd7 36.Kd2 Kf8 37.Ke3
Rg8 38.Rgh2 Rhg7 39.Kf2 Ke7 40.Rh3 Nf8 41.Nc3 Ng6 42.Nd1 Nf4 43.gxf4 Rg2+ 44.Ke3
Rxc2 45.R3h2 Rgg2 46.Rxg2 Rxg2 47.fxe5 dxe5 48.Nf2 1/2-1/2

[Event "2. Bundesliga Ost 2010/2011"]
[Site "2+3.10.Zwettl,30.10-1.11.Wien,27+28.11.Wien,29+30.
[Date "2010.11.27"]
[Round "6"]
[Board "3"]
[White "Pisk, Petr"]
[Black "Sandhu, Mario"]
[Result "1-0"]
[WhiteElo "2313"]
[BlackElo "2330"]
[PlyCount "65"]
[EventDate "2010.10.02"]
[EventType "team"]
[EventRounds "11"]
[EventCountry "AUT"]
[WhiteTeam "SK Zwettl"]
[BlackTeam "ASVOE Wulkaprodersdorf"]

1.d4 Nf6 2.Bg5 e6 3.e4 h6 4.Bxf6 Qxf6 5.c3 d6 6.Bd3 g5 7.Ne2 h5 8.Na3 Bh6 9.Nc4
Nd7 10.a4 g4 11.O-O Rg8 12.Kh1 Qg5 13.a5 h4 14.Ng1 h3 15.g3 d5 16.f4 Qh5 17.Ne5
dxe4 18.Bxe4 f5 19.Bc2 Nxe5 20.dxe5 b5 21.a6 Bd7 22.Ne2 O-O-O 23.Kg1 Bc6 24.Nd4
Qe8 25.Qe2 Rxd4 26.cxd4 Ba8 27.Bb3 Qc6 28.d5 exd5 29.Rfc1 Qb6+ 30.Qf2 Bf8
31.Qxb6 axb6 32.a7 Bc5+ 33.Rxc5 1-0

[Event "2. Bundesliga Ost 2010/2011"]
[Site "2+3.10.Zwettl,30.10-1.11.Wien,27+28.11.Wien,29+30.
[Date "2010.11.27"]
[Round "6"]
[Board "4"]
[White "Kopinits, Anna-Christina"]
[Black "Buchnicek, Petr"]
[Result "1/2-1/2"]
[WhiteElo "2210"]
[BlackElo "2305"]
[PlyCount "84"]
[EventDate "2010.10.02"]
[EventType "team"]
[EventRounds "11"]
[EventCountry "AUT"]
[WhiteTeam "ASVOE Wulkaprodersdorf"]
[BlackTeam "SK Zwettl"]

1.e4 d5 2.exd5 Nf6 3.d4 Nxd5 4.Nf3 g6 5.c4 Nb6 6.Nc3 Bg7 7.c5 Nd5 8.Bc4 c6 9.O-O
O-O 10.Qb3 Nxc3 11.bxc3 b5 12.cxb6 axb6 13.a4 b5 14.Bd3 Be6 15.Qb4 Na6 16.Qb2
Nc5 17.Bxb5 cxb5 18.dxc5 bxa4 19.Nd4 Bd5 20.Qb6 Qd7 21.c6 Bxd4 22.Qxd4 Bxc6
23.Qxd7 Bxd7 24.Ba3 Rfe8 25.Rfe1 e5 26.f3 f6 27.Rab1 Rab8 28.Rxb8 Rxb8 29.Bb4
Ra8 30.Ba3 Rc8 31.Bb4 Kf7 32.Rd1 Ke8 33.Kf2 Rc6 34.h4 h5 35.Ke3 Be6 36.g3 Bd7
37.Rd2 Kd8 38.f4 exf4+ 39.Kxf4 Kc7 40.Rd4 Be6 41.Ba5+ Kc8 42.Rxa4 Rc4+ 1/2-1/2

[Event "2. Bundesliga Ost 2010/2011"]
[Site "2+3.10.Zwettl,30.10-1.11.Wien,27+28.11.Wien,29+30.
[Date "2010.11.27"]
[Round "6"]
[Board "5"]
[White "Wagner, Stefan"]
[Black "Wanderer, Thomas"]
[Result "1/2-1/2"]
[WhiteElo "2173"]
[BlackElo "2220"]
[PlyCount "76"]
[EventDate "2010.10.02"]
[EventType "team"]
[EventRounds "11"]
[EventCountry "AUT"]
[WhiteTeam "SK Zwettl"]
[BlackTeam "ASVOE Wulkaprodersdorf"]

1.c4 c5 2.g3 Nf6 3.Bg2 d5 4.cxd5 Nxd5 5.Nc3 Nc7 6.Nf3 Nc6 7.O-O e5 8.Ne1 Be7
9.Nd3 f6 10.f4 Qd4+ 11.Kh1 O-O 12.fxe5 fxe5 13.Rxf8+ Bxf8 14.Ne4 Be6 15.Ndf2 Rd8
16.e3 Qd7 17.b3 Be7 18.Bb2 Nd5 19.Qe2 b6 20.Rd1 Ndb4 21.Nc3 Rf8 22.d3 Bg5
23.Nce4 Bh6 24.Bc1 Nd5 25.Rf1 g6 26.h4 Nce7 27.g4 Kh8 28.Ng3 a5 29.Bf3 Nc3
30.Qb2 Rxf3 31.Qxc3 Nc6 32.Kg2 Qf7 33.g5 Bg7 34.Qe1 Nb4 35.Qe2 e4 36.dxe4 Rxg3+
37.Kxg3 Qc7+ 38.Kg2 c4 1/2-1/2

[Event "2. Bundesliga Ost 2010/2011"]
[Site "2+3.10.Zwettl,30.10-1.11.Wien,27+28.11.Wien,29+30.
[Date "2010.11.27"]
[Round "6"]
[Board "6"]
[White "Sekyra, Michael"]
[Black "Janetschek, Karl"]
[Result "1-0"]
[WhiteElo "2111"]
[BlackElo "2271"]
[PlyCount "59"]
[EventDate "2010.10.02"]
[EventType "team"]
[EventRounds "11"]
[EventCountry "AUT"]
[WhiteTeam "ASVOE Wulkaprodersdorf"]
[BlackTeam "SK Zwettl"]

1.e4 e5 2.f4 Bc5 3.Nc3 d6 4.Bc4 Bxg1 5.Rxg1 Qh4+ 6.Kf1 Qxf4+ 7.Qf3 Qxf3+ 8.gxf3
Kf8 9.Nd5 Bh3+ 10.Kf2 Nd7 11.Rg3 c6 12.Rxh3 cxd5 13.Bxd5 Rb8 14.b4 Ne7 15.Bb3 h5
16.Bb2 h4 17.f4 exf4 18.Rd3 Rh6 19.Rg1 Ne5 20.Kf1 Rc8 21.Ba4 f5 22.exf5 b5
23.Bxb5 Rxc2 24.Bxe5 dxe5 25.Rd8+ Kf7 26.Ke2 Nxf5 27.Bd3 f3+ 28.Kxf3 Ke7 29.Bxc2
Rf6 30.Bxf5 1-0

[Event "2. Bundesliga Ost 2010/2011"]
[Site "2+3.10.Zwettl,30.10-1.11.Wien,27+28.11.Wien,29+30.
[Date "2010.11.27"]
[Round "6"]
[Board "2"]
[White "Schroll, Gerhard"]
[Black "Hangweyrer, Manfred"]
[Result "1/2-1/2"]
[WhiteElo "2449"]
[BlackElo "2334"]
[PlyCount "38"]
[EventDate "2010.10.02"]
[EventType "team"]
[EventRounds "11"]
[EventCountry "AUT"]
[WhiteTeam "1. Wr. Neustaedter SV"]
[BlackTeam "ASVOE Pamhagen"]

1.d4 Nf6 2.Nf3 d6 3.Nc3 Bg4 4.e4 e6 5.Be3 d5 6.e5 Nfd7 7.Be2 c5 8.dxc5 Nc6 9.Nb5
Bxf3 10.gxf3 Nxc5 11.f4 a6 12.Nd4 Rc8 13.Nxc6 Rxc6 14.c4 Ne4 15.O-O Bc5 16.cxd5
exd5 17.Bf3 Qh4 18.Bg2 Rh6 19.h3 Bxe3 1/2-1/2

[Event "2. Bundesliga Ost 2010/2011"]
[Site "2+3.10.Zwettl,30.10-1.11.Wien,27+28.11.Wien,29+30.
[Date "2010.11.27"]
[Round "6"]
[Board "3"]
[White "Kuthan, Andreas"]
[Black "Steiner, Adam"]
[Result "1-0"]
[WhiteElo "2204"]
[BlackElo "2232"]
[PlyCount "67"]
[EventDate "2010.10.02"]
[EventType "team"]
[EventRounds "11"]
[EventCountry "AUT"]
[WhiteTeam "ASVOE Pamhagen"]
[BlackTeam "1. Wr. Neustaedter SV"]

1.d4 Nf6 2.Nf3 c5 3.d5 b5 4.c4 Bb7 5.Qc2 Na6 6.a3 e6 7.e4 exd5 8.cxd5 c4 9.Nc3
Qb6 10.Be2 Bc5 11.O-O O-O 12.Bg5 Ng4 13.Bh4 Rae8 14.Bg3 d6 15.Nh4 Bc8 16.a4 Nb4
17.Qd1 f5 18.exf5 Nh6 19.axb5 Nxf5 20.Nxf5 Bxf5 21.Bxc4 Qc7 22.b3 Nc2 23.Ra6 Nd4
24.Na4 Bc2 25.Qd2 Bxb3 26.Bxb3 Nxb3 27.Qb2 Bd4 28.Qxb3 Re2 29.Qd3 Bxf2+ 30.Bxf2
Rfxf2 31.Rxf2 Re1+ 32.Rf1 Qc1 33.Rc6 Rxf1+ 34.Qxf1 1-0

[Event "2. Bundesliga Ost 2010/2011"]
[Site "2+3.10.Zwettl,30.10-1.11.Wien,27+28.11.Wien,29+30.
[Date "2010.11.27"]
[Round "6"]
[Board "4"]
[White "Todor, Razvan"]
[Black "Froschauer, Hans"]
[Result "1/2-1/2"]
[WhiteElo "2221"]
[BlackElo "2124"]
[PlyCount "69"]
[EventDate "2010.10.02"]
[EventType "team"]
[EventRounds "11"]
[EventCountry "AUT"]
[WhiteTeam "1. Wr. Neustaedter SV"]
[BlackTeam "ASVOE Pamhagen"]

1.e4 c5 2.Ne2 g6 3.d4 cxd4 4.Nxd4 Bg7 5.Nc3 Nc6 6.Be3 d6 7.Bc4 Nf6 8.O-O O-O
9.h3 Bd7 10.Bb3 a6 11.f4 Rc8 12.Nf3 b5 13.a3 Rb8 14.Qe1 Na5 15.e5 Ne8 16.Bd5 Bc6
17.Bxc6 Nxc6 18.Rd1 Nc7 19.Ne4 d5 20.Qc3 Qe8 21.Nf2 Rc8 22.Bb6 Ne6 23.Qe3 Bh6
24.g3 d4 25.Qe4 f5 26.Qe2 g5 27.fxg5 Nxg5 28.Nxg5 Bxg5 29.Bxd4 Qg6 30.Kh1 f4
31.gxf4 Nxd4 32.Rxd4 Rxc2 33.Qe3 Qc6+ 34.Qe4 Rxf4 35.Qxc6 1/2-1/2

[Event "2. Bundesliga Ost 2010/2011"]
[Site "2+3.10.Zwettl,30.10-1.11.Wien,27+28.11.Wien,29+30.
[Date "2010.11.27"]
[Round "6"]
[Board "5"]
[White "Horvath, Maria"]
[Black "Wiedner, Robert"]
[Result "1-0"]
[WhiteElo "2021"]
[BlackElo "2189"]
[PlyCount "116"]
[EventDate "2010.10.02"]
[EventType "team"]
[EventRounds "11"]
[EventCountry "AUT"]
[WhiteTeam "ASVOE Pamhagen"]
[BlackTeam "1. Wr. Neustaedter SV"]

1.d4 Nf6 2.c4 e6 3.Nc3 Bb4 4.Nf3 O-O 5.Qb3 a5 6.a3 Bxc3+ 7.Qxc3 Ne4 8.Qc2 d5
9.Bf4 c6 10.e3 Nd7 11.Bd3 f5 12.Ne5 Ndf6 13.h3 Nh5 14.Bh2 Bd7 15.g4 Nhf6
16.O-O-O Ne8 17.f3 N4d6 18.c5 Nc8 19.gxf5 exf5 20.Rdg1 Be6 21.Bf4 Ne7 22.Rg3 Kh8
23.Rhg1 Ng8 24.h4 Rc8 25.h5 Nh6 26.Qh2 Rc7 27.Ng6+ hxg6 28.hxg6 Kg8 29.Rh3 Rf6
30.Bxh6 gxh6 31.Rxh6 Kf8 32.Rh8+ Bg8 33.Qh6+ Rg7 34.e4 Ke7 35.exf5 Qd7 36.Rxg8
Rxg8 37.Re1+ Kd8 38.Qg5 Qg7 39.Re6 Kc8 40.Re5 Rh8 41.Kb1 Qf8 42.Rxe8+ Qxe8
43.Qxf6 Rh1+ 44.Ka2 Qe1 45.Qf8+ Kd7 46.Qd6+ Ke8 47.Qe5+ Qxe5 48.dxe5 Re1 49.f6
Re3 50.Bb1 d4 51.Bc2 d3 52.Bb3 a4 53.Bxa4 d2 54.g7 Kf7 55.f4 Kg8 56.b4 Rg3
57.Kb2 Rg1 58.Bb3+ Kh7 1-0

[Event "2. Bundesliga Ost 2010/2011"]
[Site "2+3.10.Zwettl,30.10-1.11.Wien,27+28.11.Wien,29+30.
[Date "2010.11.27"]
[Round "6"]
[Board "6"]
[White "Lucaci, Marius"]
[Black "Orlovic, Veljko"]
[Result "1/2-1/2"]
[WhiteElo "2148"]
[BlackElo "2093"]
[PlyCount "120"]
[EventDate "2010.10.02"]
[EventType "team"]
[EventRounds "11"]
[EventCountry "AUT"]
[WhiteTeam "1. Wr. Neustaedter SV"]
[BlackTeam "ASVOE Pamhagen"]

1.e4 c5 2.Nf3 d6 3.d4 cxd4 4.Nxd4 Nf6 5.Nc3 g6 6.f4 Bg7 7.e5 dxe5 8.fxe5 Ng8
9.Bb5+ Bd7 10.e6 Bxb5 11.exf7+ Kxf7 12.Qf3+ Nf6 13.Ncxb5 a6 14.Qb3+ Qd5 15.Nc7
Qxb3 16.Nxb3 Ra7 17.Be3 b6 18.Bxb6 Rb7 19.Ba5 Rc8 20.O-O-O Rbxc7 21.Bxc7 Rxc7
22.Rd8 Nfd7 23.Rf1+ Bf6 24.Nd2 a5 25.Ne4 h6 26.b3 Nc6 27.Ra8 Nb4 28.c4 Nxa2+
29.Kb1 Nb4 30.Rxa5 Nc6 31.Ra6 Nd4 32.Ka2 Nc2 33.Kb1 Nd4 34.Ra3 Rb7 35.Kb2 Nxb3+
36.Nxf6 Nd2+ 37.Kc2 Nxf1 38.Nxd7 Nxh2 39.Rd3 Ng4 40.Kc3 Ke8 41.Nc5 Rb1 42.Rg3
Rc1+ 43.Kd4 h5 44.Ne6 Kf7 45.Nd8+ Kf6 46.Rf3+ Kg7 47.Ne6+ Kh6 48.c5 Re1 49.Nd8
e5+ 50.Kc4 e4 51.Rc3 e3 52.Nf7+ Kg7 53.Ng5 e2 54.Kd3 Ne5+ 55.Kd2 Rg1 56.Ne6+ Kf6
57.Kxe2 Kxe6 58.c6 Nf7 59.c7 Nd6 60.Rc6 Kd7 1/2-1/2

[Event "2. Bundesliga Ost 2010/2011"]
[Site "2+3.10.Zwettl,30.10-1.11.Wien,27+28.11.Wien,29+30.
[Date "2010.11.28"]
[Round "7"]
[Board "1"]
[White "Schroll, Gerhard"]
[Black "Hodisch, Juri"]
[Result "1/2-1/2"]
[WhiteElo "2449"]
[BlackElo "2393"]
[PlyCount "86"]
[EventDate "2010.10.02"]
[EventType "team"]
[EventRounds "11"]
[EventCountry "AUT"]
[WhiteTeam "1. Wr. Neustaedter SV"]
[BlackTeam "Aljechin/Wieden"]

1.d4 Nf6 2.Bf4 e6 3.e3 c5 4.c3 b6 5.Nd2 Bb7 6.Ngf3 Be7 7.h3 Nc6 8.Bd3 cxd4
9.exd4 d6 10.Qe2 Rc8 11.O-O O-O 12.Rfe1 Re8 13.Ng5 Bf8 14.Nde4 h6 15.Nf3 Na5
16.Ned2 Nc6 17.Ba6 Bxa6 18.Qxa6 Qd7 19.a4 Nb8 20.Qb5 a6 21.Qb3 Qc6 22.Nf1 Nd5
23.Bd2 b5 24.axb5 axb5 25.Ra5 Nc7 26.Ne3 d5 27.Ne5 Qb6 28.Rea1 Bd6 29.Nd3 Nc6
30.R5a2 Ra8 31.Rxa8 Rxa8 32.Rxa8+ Nxa8 33.Nc2 Nc7 34.Bf4 Bxf4 35.Nxf4 Qa5 36.Nd3
Ne8 37.Qa3 Qxa3 38.Nxa3 Nd6 39.Kf1 f6 40.Ke2 Kf7 41.Nc2 Nc4 42.Ne3 g5 43.f4 Ne7 1/2-1/2

[Event "2. Bundesliga Ost 2010/2011"]
[Site "2+3.10.Zwettl,30.10-1.11.Wien,27+28.11.Wien,29+30.
[Date "2010.11.28"]
[Round "7"]
[Board "2"]
[White "Heiny, Johannes"]
[Black "Steiner, Adam"]
[Result "1-0"]
[WhiteElo "2263"]
[BlackElo "2232"]
[PlyCount "121"]
[EventDate "2010.10.02"]
[EventType "team"]
[EventRounds "11"]
[EventCountry "AUT"]
[WhiteTeam "Aljechin/Wieden"]
[BlackTeam "1. Wr. Neustaedter SV"]

1.d4 Nf6 2.c4 e5 3.dxe5 Ng4 4.Bf4 Nc6 5.Nf3 Bb4+ 6.Nbd2 f6 7.exf6 Qxf6 8.e3 Qxb2
9.Be2 d6 10.O-O Bf5 11.Nh4 Bc2 12.Qc1 Qxc1 13.Raxc1 Ba4 14.Ne4 Nce5 15.h3 Nf6
16.Nxf6+ gxf6 17.Nf3 O-O-O 18.Nd4 Bd7 19.Bg3 Rhg8 20.Kh2 Rg7 21.Bh4 Rdg8 22.Rg1
f5 23.Rb1 Bc5 24.Bg3 Ng6 25.Nb3 Bb6 26.Bf3 Nf8 27.Nd4 Ne6 28.Nxf5 Ng5 29.Nxg7
Nxf3+ 30.gxf3 Rxg7 31.Bh4 Rxg1 32.Rxg1 Be6 33.Rc1 Kd7 34.Bf6 Ba5 35.Bc3 Bb6
36.Bd4 c5 37.Bb2 Bc7 38.f4 a6 39.Kg3 b5 40.cxb5 axb5 41.a3 Ba5 42.e4 Bb3 43.Bc3
Bd8 44.Kf3 d5 45.exd5 Bxd5+ 46.Ke3 Be7 47.Rg1 Bf8 48.Bg7 Bd6 49.Rg5 Ba2 50.Be5
Bf8 51.Bb2 Bb1 52.Rd5+ Kc6 53.Rd8 Be7 54.Rc8+ Kd5 55.Re8 Kd6 56.Be5+ Kd7 57.Rb8
Kc6 58.a4 b4 59.a5 c4 60.a6 Bc5+ 61.Bd4 1-0

[Event "2. Bundesliga Ost 2010/2011"]
[Site "2+3.10.Zwettl,30.10-1.11.Wien,27+28.11.Wien,29+30.
[Date "2010.11.28"]
[Round "7"]
[Board "3"]
[White "Todor, Razvan"]
[Black "Groetz, Harald"]
[Result "0-1"]
[WhiteElo "2221"]
[BlackElo "2321"]
[PlyCount "64"]
[EventDate "2010.10.02"]
[EventType "team"]
[EventRounds "11"]
[EventCountry "AUT"]
[WhiteTeam "1. Wr. Neustaedter SV"]
[BlackTeam "Aljechin/Wieden"]

1.Nf3 c5 2.g3 d5 3.Bg2 Nc6 4.d4 e6 5.O-O Nf6 6.c4 Ne4 7.Nc3 Be7 8.dxc5 Nxc3
9.bxc3 dxc4 10.Nd4 Bd7 11.Nxc6 Bxc6 12.Bxc6+ bxc6 13.Qd4 O-O 14.Qxc4 Qd5 15.Qa6
Bxc5 16.Ba3 Bxa3 17.Qxa3 Rfd8 18.Rab1 Rd7 19.Rb2 Rad8 20.Rfb1 h5 21.Qa4 g6
22.Rb8 Rxb8 23.Rxb8+ Kg7 24.Qa6 Qe4 25.Rg8+ Kf6 26.f3 Qe3+ 27.Kg2 Rd2 28.Kf1
Rd1+ 29.Kg2 g5 30.Kh3 Qg1 31.e4 Rd2 32.e5+ Kf5 0-1

[Event "2. Bundesliga Ost 2010/2011"]
[Site "2+3.10.Zwettl,30.10-1.11.Wien,27+28.11.Wien,29+30.
[Date "2010.11.28"]
[Round "7"]
[Board "4"]
[White "Schlosser, Michael"]
[Black "Wiedner, Robert"]
[Result "1-0"]
[WhiteElo "2331"]
[BlackElo "2189"]
[PlyCount "67"]
[EventDate "2010.10.02"]
[EventType "team"]
[EventRounds "11"]
[EventCountry "AUT"]
[WhiteTeam "Aljechin/Wieden"]
[BlackTeam "1. Wr. Neustaedter SV"]

1.e4 c5 2.Nf3 e6 3.d4 cxd4 4.Nxd4 Nf6 5.Nc3 Bb4 6.e5 Nd5 7.Qg4 Kf8 8.Qg3 Nc6
9.Nxc6 dxc6 10.Bd2 Nxc3 11.Bxc3 Bxc3+ 12.Qxc3 g6 13.Rd1 Qe7 14.Be2 Bd7 15.Qd2
Be8 16.Qh6+ Kg8 17.Rd6 Qf8 18.Qe3 Kg7 19.O-O Qe7 20.Rfd1 b6 21.a4 Rb8 22.b4 h6
23.g3 Rc8 24.c4 c5 25.b5 Rc7 26.a5 bxa5 27.Qa3 h5 28.Qxa5 h4 29.Rd8 hxg3 30.hxg3
Rb7 31.Bf3 Rc7 32.Ra8 Rd7 33.Rxd7 Qxd7 34.Qd8 1-0